<?xml version="1.0" encoding="UTF-8"?>
<collection xmlns="http://www.loc.gov/MARC21/slim">
 <record>
  <leader>02464aam a22003018a 4500</leader>
  <controlfield tag="001">NCT_2371</controlfield>
  <controlfield tag="008">100707s2010                  ||||||viesd</controlfield>
  <datafield tag="999" ind1=" " ind2=" ">
   <subfield code="c">126</subfield>
   <subfield code="d">126</subfield>
  </datafield>
  <datafield tag="020" ind1=" " ind2=" ">
   <subfield code="c">31000</subfield>
  </datafield>
  <datafield tag="082" ind1="0" ind2="4">
   <subfield code="2">23rd ed.</subfield>
   <subfield code="a">610.72</subfield>
   <subfield code="b">V115</subfield>
  </datafield>
  <datafield tag="100" ind1="1" ind2=" ">
   <subfield code="a">Tạ Thành Văn</subfield>
   <subfield code="e">Chủ biên</subfield>
  </datafield>
  <datafield tag="245" ind1="1" ind2="0">
   <subfield code="a">PCR và một số kỹ thuật y sinh học phân tử</subfield>
   <subfield code="b">(Sách đào tạo sau đại học y dược)</subfield>
   <subfield code="c">Tạ Thành Văn (chủ biên)</subfield>
  </datafield>
  <datafield tag="260" ind1=" " ind2=" ">
   <subfield code="a">H.</subfield>
   <subfield code="b">Y học</subfield>
   <subfield code="c">2010</subfield>
  </datafield>
  <datafield tag="300" ind1=" " ind2=" ">
   <subfield code="a">122tr.</subfield>
   <subfield code="b">minh hoạ</subfield>
   <subfield code="c">27cm</subfield>
  </datafield>
  <datafield tag="520" ind1="3" ind2=" ">
   <subfield code="a">Nội dung tài liệu cung cấp những kiến thức lý thuyết cơ bản, nguyên lý, quy trình kĩ thuật cụ thể và triển vọng ứng dụng của PCR và các kỹ thuật y sinh học phân tử khác ứng dụng trong y học</subfield>
  </datafield>
  <datafield tag="655" ind1=" " ind2="7">
   <subfield code="a">Giáo trình</subfield>
  </datafield>
  <datafield tag="942" ind1=" " ind2=" ">
   <subfield code="2">ddc</subfield>
   <subfield code="c">BK</subfield>
  </datafield>
  <datafield tag="952" ind1=" " ind2=" ">
   <subfield code="0">0</subfield>
   <subfield code="1">0</subfield>
   <subfield code="2">ddc</subfield>
   <subfield code="4">0</subfield>
   <subfield code="6">610_720000000000000_V115</subfield>
   <subfield code="7">0</subfield>
   <subfield code="9">461</subfield>
   <subfield code="a">000001</subfield>
   <subfield code="b">000001</subfield>
   <subfield code="d">2017-10-07</subfield>
   <subfield code="l">1</subfield>
   <subfield code="o">610.72 V115</subfield>
   <subfield code="p">MD.00496</subfield>
   <subfield code="r">2021-03-18</subfield>
   <subfield code="s">2021-03-10</subfield>
   <subfield code="v">31000.00</subfield>
   <subfield code="w">2017-10-07</subfield>
   <subfield code="y">BK</subfield>
  </datafield>
  <datafield tag="952" ind1=" " ind2=" ">
   <subfield code="0">0</subfield>
   <subfield code="1">0</subfield>
   <subfield code="2">ddc</subfield>
   <subfield code="4">0</subfield>
   <subfield code="6">610_720000000000000_V115</subfield>
   <subfield code="7">0</subfield>
   <subfield code="9">462</subfield>
   <subfield code="a">000001</subfield>
   <subfield code="b">000001</subfield>
   <subfield code="d">2017-10-07</subfield>
   <subfield code="o">610.72 V115</subfield>
   <subfield code="p">MD.00497</subfield>
   <subfield code="r">2017-10-07</subfield>
   <subfield code="v">31000.00</subfield>
   <subfield code="w">2017-10-07</subfield>
   <subfield code="y">BK</subfield>
  </datafield>
  <datafield tag="952" ind1=" " ind2=" ">
   <subfield code="0">0</subfield>
   <subfield code="1">0</subfield>
   <subfield code="2">ddc</subfield>
   <subfield code="4">0</subfield>
   <subfield code="6">610_720000000000000_V115</subfield>
   <subfield code="7">0</subfield>
   <subfield code="9">463</subfield>
   <subfield code="a">000001</subfield>
   <subfield code="b">000001</subfield>
   <subfield code="d">2017-10-07</subfield>
   <subfield code="o">610.72 V115</subfield>
   <subfield code="p">MD.00498</subfield>
   <subfield code="r">2017-10-07</subfield>
   <subfield code="v">31000.00</subfield>
   <subfield code="w">2017-10-07</subfield>
   <subfield code="y">BK</subfield>
  </datafield>
  <datafield tag="952" ind1=" " ind2=" ">
   <subfield code="0">0</subfield>
   <subfield code="1">0</subfield>
   <subfield code="2">ddc</subfield>
   <subfield code="4">0</subfield>
   <subfield code="6">610_720000000000000_V115</subfield>
   <subfield code="7">0</subfield>
   <subfield code="9">464</subfield>
   <subfield code="a">000001</subfield>
   <subfield code="b">000001</subfield>
   <subfield code="d">2017-10-07</subfield>
   <subfield code="l">1</subfield>
   <subfield code="o">610.72 V115</subfield>
   <subfield code="p">MD.00499</subfield>
   <subfield code="r">2020-05-23</subfield>
   <subfield code="s">2020-05-15</subfield>
   <subfield code="v">31000.00</subfield>
   <subfield code="w">2017-10-07</subfield>
   <subfield code="y">BK</subfield>
  </datafield>
  <datafield tag="952" ind1=" " ind2=" ">
   <subfield code="0">0</subfield>
   <subfield code="1">0</subfield>
   <subfield code="2">ddc</subfield>
   <subfield code="4">0</subfield>
   <subfield code="6">610_720000000000000_V115</subfield>
   <subfield code="7">0</subfield>
   <subfield code="9">465</subfield>
   <subfield code="a">000001</subfield>
   <subfield code="b">000001</subfield>
   <subfield code="d">2017-10-07</subfield>
   <subfield code="o">610.72 V115</subfield>
   <subfield code="p">MD.00500</subfield>
   <subfield code="r">2017-10-07</subfield>
   <subfield code="v">31000.00</subfield>
   <subfield code="w">2017-10-07</subfield>
   <subfield code="y">BK</subfield>
  </datafield>
  <datafield tag="952" ind1=" " ind2=" ">
   <subfield code="0">0</subfield>
   <subfield code="1">0</subfield>
   <subfield code="2">ddc</subfield>
   <subfield code="4">0</subfield>
   <subfield code="6">610_720000000000000_V115</subfield>
   <subfield code="7">0</subfield>
   <subfield code="9">466</subfield>
   <subfield code="a">000001</subfield>
   <subfield code="b">000001</subfield>
   <subfield code="d">2017-10-07</subfield>
   <subfield code="o">610.72 V115</subfield>
   <subfield code="p">MD.00501</subfield>
   <subfield code="r">2017-10-07</subfield>
   <subfield code="v">31000.00</subfield>
   <subfield code="w">2017-10-07</subfield>
   <subfield code="y">BK</subfield>
  </datafield>
  <datafield tag="952" ind1=" " ind2=" ">
   <subfield code="0">0</subfield>
   <subfield code="1">0</subfield>
   <subfield code="2">ddc</subfield>
   <subfield code="4">0</subfield>
   <subfield code="6">610_720000000000000_V115</subfield>
   <subfield code="7">0</subfield>
   <subfield code="9">467</subfield>
   <subfield code="a">000001</subfield>
   <subfield code="b">000001</subfield>
   <subfield code="d">2017-10-07</subfield>
   <subfield code="o">610.72 V115</subfield>
   <subfield code="p">MD.00502</subfield>
   <subfield code="r">2017-10-07</subfield>
   <subfield code="v">31000.00</subfield>
   <subfield code="w">2017-10-07</subfield>
   <subfield code="y">BK</subfield>
  </datafield>
  <datafield tag="952" ind1=" " ind2=" ">
   <subfield code="0">0</subfield>
   <subfield code="1">0</subfield>
   <subfield code="2">ddc</subfield>
   <subfield code="4">0</subfield>
   <subfield code="6">610_720000000000000_V115</subfield>
   <subfield code="7">0</subfield>
   <subfield code="9">468</subfield>
   <subfield code="a">000001</subfield>
   <subfield code="b">000001</subfield>
   <subfield code="d">2017-10-07</subfield>
   <subfield code="o">610.72 V115</subfield>
   <subfield code="p">MD.00503</subfield>
   <subfield code="r">2017-10-07</subfield>
   <subfield code="v">31000.00</subfield>
   <subfield code="w">2017-10-07</subfield>
   <subfield code="y">BK</subfield>
  </datafield>
  <datafield tag="952" ind1=" " ind2=" ">
   <subfield code="0">0</subfield>
   <subfield code="1">0</subfield>
   <subfield code="2">ddc</subfield>
   <subfield code="4">0</subfield>
   <subfield code="6">610_720000000000000_V115</subfield>
   <subfield code="7">0</subfield>
   <subfield code="9">469</subfield>
   <subfield code="a">000001</subfield>
   <subfield code="b">000001</subfield>
   <subfield code="d">2017-10-07</subfield>
   <subfield code="o">610.72 V115</subfield>
   <subfield code="p">MD.00504</subfield>
   <subfield code="r">2017-10-07</subfield>
   <subfield code="v">31000.00</subfield>
   <subfield code="w">2017-10-07</subfield>
   <subfield code="y">BK</subfield>
  </datafield>
  <datafield tag="952" ind1=" " ind2=" ">
   <subfield code="0">0</subfield>
   <subfield code="1">0</subfield>
   <subfield code="2">ddc</subfield>
   <subfield code="4">0</subfield>
   <subfield code="6">610_720000000000000_V115</subfield>
   <subfield code="7">0</subfield>
   <subfield code="9">470</subfield>
   <subfield code="a">000001</subfield>
   <subfield code="b">000001</subfield>
   <subfield code="d">2017-10-07</subfield>
   <subfield code="o">610.72 V115</subfield>
   <subfield code="p">MD.00505</subfield>
   <subfield code="r">2017-10-07</subfield>
   <subfield code="v">31000.00</subfield>
   <subfield code="w">2017-10-07</subfield>
   <subfield code="y">BK</subfield>
  </datafield>
  <datafield tag="980" ind1=" " ind2=" ">
   <subfield code="a">Thư viện Trường Đại học Nam Cần Thơ</subfield>
  </datafield>
 </record>
</collection>
